El expurgo en la biblioteca / (Registro nro. 191608)

Detalles MARC
000 -LEADER
campo de control de longitud fija 01065nam a2200289 4500
001 - NÚMERO DE CONTROL
campo de control 191608
003 - IDENTIFICADOR DE NÚMERO DE CONTROL
campo de control SpMaBN
005 - FECHA Y HORA DE LA ÚLTIMA TRANSACCIÓN
campo de control 20240203134656.0
008 - DATOS DE LONGITUD FIJA--INFORMACIÓN GENERAL
campo de control de longitud fija 221004s2000 sp | ||| ||spa
016 7# - NÚMERO DE CONTROL DE UNA AGENCIA BIBLIOGRÁFICA NACIONAL
Número de control del registro bimoBNE20001262494 [
Fuente SpMaBN]
017 ## - NÚMERO DE COPYRIGHT O DE DEPÓSITO LEGAL
Número de copyright o de depósito legal S 9-2000
Agencia que asigna Oficina Depósito Legal Salamanca
020 ## - NÚMERO INTERNACIONAL ESTÁNDAR DEL LIBRO
Número Internacional Estándar del Libro 84-88716-31-1
035 ## - NÚMERO DE CONTROL DEL SISTEMA
Número de control de sistema (OCoLC)45804492
040 ## - FUENTE DE CATALOGACIÓN
Centro catalogador/agencia de origen SpMaBN
Lengua de catalogación spa
Centro/agencia transcriptor SpMaBN
Normas de descripción rdc
080 ## - NÚMERO DE LA CLASIFICACIÓN DECIMAL UNIVERSAL
Número de la Clasificación Decimal Universal 025.135
100 1# - ENTRADA PRINCIPAL--NOMBRE DE PERSONA
Nombre de persona Gaudet, Françoise.
9 (RLIN) 175349
245 13 - MENCIÓN DEL TÍTULO
Título El expurgo en la biblioteca /
Mención de responsabilidad, etc. Françoise Gaudet y Claudine Lieber, con la colaboración de Jean-Marie Arnoult ... [et al.] ; prefacio de Michel Melot ; [versión española, Amanda Cabo Pan y Teresa Reyna Calatayud].
260 ## - PUBLICACIÓN, DISTRIBUCIÓN, ETC.
Lugar de publicación, distribución, etc. Madrid :
Nombre del editor, distribuidor, etc. ANABAD,
Fecha de publicación, distribución, etc. 2000.
300 ## - DESCRIPCIÓN FÍSICA
Extensión 269 p. ;
Dimensiones 24 cm.
594 ## - Nota al título y mención de responsabilidad
Nota al título y mención de responsabilidad Traducción de: Désherber en bibliothèque
650 #7 - PUNTO DE ACCESO ADICIONAL DE MATERIA--TÉRMINO DE MATERIA
Término de materia o nombre geográfico como elemento de entrada Bibliotecas-
Subdivisión general Expurgo.
9 (RLIN) 175351
700 1# - ENTRADA AGREGADA--NOMBRE PERSONAL
Nombre de persona Lieber, Claudine.
9 (RLIN) 175352
852 ## - LOCALIZACIÓN
Ubicación ES-MaACL
Número de control de estantería A-15027
itemnumber 198892
Ubicación en estantería Depósito 1
Signatura antigua Olim: 025.135 GAU exp
942 ## - ELEMENTOS DE ENTRADA SECUNDARIOS (KOHA)
Fuente del sistema de clasificación o colocación Clasificación decimal universal
Existencias
Estatus retirado Estado de pérdida Fuente del sistema de clasificación o colocación Estado de daño No para préstamo Biblioteca de origen Biblioteca actual Ubicación en estantería Fecha de adquisición Fuente de adquisición Total de préstamos Signatura topográfica completa Código de barras Visto por última vez Precio de reemplazo Tipo de ítem Koha
    Clasificación decimal universal     Biblioteca del Ateneo de Madrid Biblioteca del Ateneo de Madrid Depósito 1 04/10/2022 Compra   A-15027 1204049 23/02/2023 23/02/2023 Libro impreso